000 00325nam a22001337a 4500
008 181016b xxu||||| |||| 00| 0 eng d
020 _a9781472506979
041 _aeng
080 _a371
100 _a46
101 _aEDU
245 _aEducation and International Development An Introduction
_cCowan,T.M
942 _2udc
_cBK
999 _c49832
_d49832